Glee vs. Musicals - Statistics

General Stats
  • This quiz has been taken 1,182 times
    1,178 since last reset
  • The average score is 14 of 70
Answer Stats
Hint Answer % Correct
Wicked Defying Gravity
71%
Chicago All That Jazz
61%
Chicago Cell Block Tango
61%
Les Miserables On My Own
58%
The Rocky Horror Show Time Warp
54%
West Side Story America
52%
Funny Girl Don't Rain On My Parade
50%
Grease You're The One That I Want
50%
Evita Don't Cry For Me Argentina
39%
West Side Story Tonight
39%
Grease Hopelessly Devoted To You
36%
Wicked For Good
34%
Grease Greased Lightnin
33%
The Rocky Horror Show Sweet Transvestite
33%
Grease Beauty School Dropout
29%
Grease Look At Me I'm Sandra Dee
29%
Chicago Mr. CelloPhane
27%
Willy Wonka & Chocolate Factory Pure Imagination
27%
Annie Little Girls
26%
Grease There Are Worse Things I Could Do
26%
Moulin Rouge Come What May
24%
The Rocky Horror Show Dammit Janet
23%
Cabaret Maybe This Time
23%
Gypsy Rose's Turn
22%
Cabaret Cabaret
20%
West Side Story I Feel Pretty
20%
West Side Story A Boy Like That
18%
Les Miserables Bring Him Home
18%
Chicago Nowadays
18%
West Side Story Somewhere
18%
The Rocky Horror Show Touch-a Touch-a Touch-a Touch Me
18%
Hair Hair
17%
Dreamgirls Listen
17%
West Side Story Cool
15%
How The Grinch Stole Christmas You're A Mean One, Mr. Grinch
15%
My Fair Lady I Could Have Danced All Night
14%
West Side Story Something's Coming
14%
Company Being Alive
13%
Chorus Line What I Did For Love
13%
Grease Born To Hand Jive
12%
Dreamgirls It's All Over
12%
Victor/Victoria Le Jazz Hot
12%
Lady And The Tramp Bella Notte
11%
Chorus Line At The Ballet
10%
Evita Buenos Aires
10%
Chorus Line Sing!
10%
Company Getting Married Today
9%
The Wiz Home
8%
Oliver Where Is Love?
8%
Sweet Charity Big Spender
7%
The King And I Getting To Know You
7%
Gypsy Some People
7%
Annie You're Never Fully Dressed Without A Smile
7%
Dreamgirls I Am Telling You I'm Not Going
6%
Fame Out Here On My Own
6%
The Rocky Horror Show Over At The Frankenstein Place
6%
Guys And Dolls Sit Down, You're Rockin' The Boat
6%
Sunset Boulevard As If We Never Said Goodbye
5%
On The Town New York New York
4%
Sesame Street Bein' Green
3%
Across The Universe I Want To Hold Your Hand
3%
Wonderful Town Ohio
3%
Rudolph The Red-Nosed Reindeer The Most Wonderful Day Of The Year
3%
Mame We Need A Little Christmas
3%
Babes In Arms My Funny Valentine
2%
Promises, Promises Turkey Lurkey Time
2%
How The Grinch Stole Christmas Wellcome Christmas
1%
Hairspray We've Got A Beat
1%
The Rocky Horror Show Whatever Happend To The Saturday Night
1%
Royal Wedding You're All The World To Me
1%
No matching quizzes found
Score Distribution
Percent of People with Each Score
Percentile by Number Answered
Your Score History
You have not taken this quiz since the last reset